000 00649nam a2200217Ia 4500
001 18174
003 GE_BSU
008 181216s||||||||xx |||||||||||||| ||und||
040 _cGE_BSU
080 _a811.353.1-1
100 _aმესხია,ნონულა
245 _aვისწავლოთ სწორი მეტყველება
245 _cრედ. ტ.ქორთუა
260 _aთბილისი
260 _bცოტნე
260 _c2003
300 _a43გვ.20სმ.
541 _h3ლ.
653 _aვისწავლოთ სწორი მეტყველება
942 _cBK
999 _c51214
_d51214